000
00216nam a22000857a 4500
001
1235165
005
20250930105631.0
245
_a
LİDERLER VE DİĞERLERİ
_c
BRIGITTE LABBE
260
_b
GÜNIŞIĞI KİTAPLIĞI YAYINLARI
999
_c
1235165
_d
1235165